Online
Catalog

La ruta transitada / (Record no. 503)

MARC details
000 -CABECERA
campo de control de longitud fija 01318nam a2200265 a 4500
001 - NÚMERO DE CONTROL
campo de control 000000505
005 - FECHA Y HORA DE LA ÚLTIMA TRANSACCIÓN
campo de control 20200929145342.0
008 - DATOS DE LONGITUD FIJA--INFORMACIÓN GENERAL
campo de control de longitud fija 081212s2007 dr 000 p spa d
020 ## - NÚMERO INTERNACIONAL ESTÁNDAR DEL LIBRO
Número Internacional Estándar del Libro 1932271910
020 ## - NÚMERO INTERNACIONAL ESTÁNDAR DEL LIBRO
Número Internacional Estándar del Libro 9781932271911
040 ## - FUENTE DE LA CATALOGACIÓN
Centro catalogador/agencia de origen DO-SdBNP
Lengua de catalogación spa
Centro/agencia transcriptor BNPHU
082 ## - NÚMERO DE LA CLASIFICACIÓN DECIMAL DEWEY
Número de clasificación PR861.5
Número de documento/Ítem R294r
100 1# - ENTRADA PRINCIPAL--NOMBRE DE PERSONA
Nombre de persona Recart Schroeder, Johanna
9 (RLIN) 1673
245 13 - MENCIÓN DE TÍTULO
Título La ruta transitada /
Mención de responsabilidad, etc. Johanna Recart Schroeder.
260 ## - PUBLICACIÓN, DISTRIBUCIÓN, ETC.
Lugar de publicación, distribución, etc. Santo Domingo :
Nombre del editor, distribuidor, etc. Isla Negra,
Fecha de publicación, distribución, etc. 2007.
300 ## - DESCRIPCIÓN FÍSICA
Extensión 65 p. ;
Dimensiones 22 cm.
490 1# - MENCIÓN DE SERIE
Mención de serie Fijo de fuego
500 ## - NOTA GENERAL
Nota general Incluye referencias biográficas
505 0# - NOTA DE CONTENIDO CON FORMATO
Nota de contenido con formato Prólogo -- Para tratar de decir -- Entre dientes y lengua -- Gracia infinita -- Hechizo -- Abandonado en la piel solitaria -- Engaña el ojo -- No debo ignorar -- A lo largo de mi espalda -- Al final del pasillo -- Desnudó la noche -- Promesa -- La hermosa mentira -- El azul de la ausencia -- Cuando el amor -- El ¡OH! de los amantes --Reflejo -- Se ha madrugado el paso -- Manos -- Seducción --Divinal distracción -- Me miro en el espejo -- Sólo tus ojos -- Más que alegría -- Debajo de la piel -- La ruta transitada.
590 ## - NOTA LOCAL (RLIN)
Nota local Inventariado, 2019 / DG
650 #4 - PUNTO DE ACCESO ADICIONAL DE MATERIA--TÉRMINO DE MATERIA
Término de materia o nombre geográfico como elemento de entrada Poesía puertorriqueña
9 (RLIN) 1015
650 #4 - PUNTO DE ACCESO ADICIONAL DE MATERIA--TÉRMINO DE MATERIA
Término de materia o nombre geográfico como elemento de entrada Literatura puertorriqueña
9 (RLIN) 250
830 #0 - PUNTO DE ACCESO ADICIONAL DE SERIE-TÍTULO UNIFORME
Título uniforme Fijo de fuego
9 (RLIN) 1674
910 ## - DATOS DE OPCIÓN DEL USUARIO (OCLC)
Datos de opción del usuario Validado. Control de calidad MFF
Holdings
Estado de retiro Estado de pérdida Restricciones de uso No para préstamo Código de colección Localización permanente Ubicación/localización actual Ubicación en estantería Fecha de adquisición Número de inventario Total de préstamos Signatura topográfica completa Código de barras Fecha visto por última vez Número de copia Precio válido a partir de Tipo de ítem Koha
    Préstamo interno Préstamo en sala Dominicana de Servicio Biblioteca Nacional Pedro Henríquez Ureña Biblioteca Nacional Pedro Henríquez Ureña Depósito 10.07.2009 LF1   PR861.5 R294r 505-30 25.06.2020 e. 3 25.06.2020 Libros y folletos
    Préstamo restringido Excluido de préstamo Patrimonio Dominicano Biblioteca Nacional Pedro Henríquez Ureña Biblioteca Nacional Pedro Henríquez Ureña Depósito 10.07.2009 LF1   PR861.5 R294r 505-10 25.06.2020   25.06.2020 Libros y folletos
    Préstamo restringido Excluido de préstamo Patrimonio Dominicano Biblioteca Nacional Pedro Henríquez Ureña Biblioteca Nacional Pedro Henríquez Ureña Depósito 10.07.2009 LF1   PR861.5 R294r 505-20 25.06.2020 e. 2 25.06.2020 Libros y folletos

Powered by Koha